Statistics for What do these Sanskrit words mean?

Click here to take the quiz!

General Stats

  • This quiz has been taken 64 times
  • The average score is 5 of 10

Answer Stats

HintAnswer% Correct
Maatamother
84%
Tvamyou
79%
Phalamfruit
63%
Pushpamflower
61%
Jalamwater
61%
Aamyes
35%
Yuyamyou all
32%
AhamI am
21%
Yuvaamyou both
19%
Tvam evaonly you
18%

Score Distribution

Percentile by Number Answered

Percent of People with Each Score

Your Score History

You have not taken this quiz